[Event "112th US Open"]
[Site "Orlando USA"]
[Date "2011.08.02"]
[Round "4"]
[White "High,David L"]
[Black "Shabalov,A"]
[Result "1/2-1/2"]
[WhiteElo "1879"]
[BlackElo "2577"]

1.e4 c5 2.Nf3 d6 3.d4 cxd4 4.Nxd4 Nf6 5.Nc3 a6 6.Be3 e5 7.Nb3 Be6 8.f3 h5
9.Qd2 Nbd7 10.O-O-O Be7 11.Rg1 Rc8 12.Kb1 b5 13.h3 h4 14.Ne2 d5 15.exd5 Nxd5
16.g4 Qc7 17.c3 a5 18.f4 Nxe3 19.Qxe3 a4 20.Nbd4 exd4 21.Nxd4 Nc5 22.Bxb5+ Kf8
23.f5 Bd5 24.Rge1 Rh6 25.g5 Rb6 26.f6 gxf6 27.g6 Be4+ 28.Ka1 Kg7 29.gxf7 Rxb5
30.Nxb5 Qb6 31.Nd4 Kxf7 32.Qh6 Rb8 33.Rd2 Rg8 34.Qh5+ Kf8 35.Qh6+ Kf7 36.Qh5+ Kf8  1/2-1/2

[Event "112th US Open"]
[Site "Orlando USA"]
[Date "2011.08.04"]
[Round "3"]
[White "Barnett,A"]
[Black "Shabalov,A"]
[Result "1/2-1/2"]
[WhiteElo "2254"]
[BlackElo "2577"]

1.e4 c5 2.Nf3 d6 3.d4 cxd4 4.Nxd4 Nf6 5.Nc3 a6 6.Be2 e5 7.Nb3 Be6 8.O-O Be7
9.Kh1 O-O 10.f4 Qc7 11.a4 Nbd7 12.Be3 exf4 13.Bxf4 Rfe8 14.Nd4 Ne5 15.Bxe5 dxe5
16.Nxe6 fxe6 17.Qd3 Bb4 18.Na2 Bc5 19.Qc4 Rac8 20.b3 Qc6 21.Rae1 Qxe4 22.Bd3 Qd4
23.Qxd4 Bxd4 24.Nc1 Ng4 25.h3 Nf2+ 26.Kh2 Nxd3 27.Nxd3 Rxc2 28.Nxe5 Rc3 29.Nf3 Be3
30.Ne5 Rf8 31.Rxf8+ Kxf8 32.Rf1+ Ke8 33.Rf3 Bd4 34.Nc4 Kd7 35.Rf7+ Kc6 36.Na5+ Kd5
37.Rxb7 Be5+ 38.Kg1 Bc7 39.b4 Ke4 40.Kf2 Rc2+ 41.Ke1 Bxa5 42.bxa5 Rxg2 43.Rb6 e5
44.Rxa6 Ke3 45.Kf1 Ra2 46.Ra7 g5 47.Rxh7 Rxa4 48.Rg7 Kf3 49.Rf7+ Ke4 50.Rg7  1/2-1/2

[Event "112th US Open"]
[Site "Orlando USA"]
[Date "2011.08.05"]
[Round "4"]
[White "Shabalov,A"]
[Black "Shvartsman,A"]
[Result "0-1"]
[WhiteElo "2577"]
[BlackElo "2209"]

1.d4 Nf6 2.c4 g6 3.Nc3 Bg7 4.e4 d6 5.f4 O-O 6.Nf3 c5 7.d5 e6 8.Be2 exd5 9.cxd5 Bg4
10.O-O Re8 11.h3 Bxf3 12.Bxf3 Nbd7 13.g4 h6 14.h4 Nh7 15.g5 f6 16.h5 fxg5
17.hxg6 Nhf8 18.fxg5 hxg5 19.Bg4 Ne5 20.Rf5 Bf6 21.Bh5 Kg7 22.Ne2 Nfxg6 23.Ng3 Rh8
24.Qe2 Nh4 25.Rf2 Qe7 26.Bd2 Raf8 27.Raf1 Neg6 28.Bxg6 Kxg6 29.Be3 Qd7 30.e5 dxe5
31.Bxc5 Be7 32.d6 Rxf2 33.Qxf2 Bd8 34.Qe2 Qc6 35.Ne4 Nf5 36.Qd3 Rh4 37.Ng3 Qxc5+
38.Rf2 Qc1+ 39.Nf1 Rg4+  0-1

[Event "112th US Open"]
[Site "Orlando USA"]
[Date "2011.08.05"]
[Round "7"]
[White "Shabalov,A"]
[Black "Finegold,Spencer"]
[Result "1-0"]
[WhiteElo "2577"]
[BlackElo "2037"]

1.c4 Nf6 2.Nc3 d5 3.cxd5 Nxd5 4.g3 g6 5.Bg2 Nb6 6.Nf3 Bg7 7.O-O O-O 8.d3 Nc6
9.Be3 h6 10.Qd2 Kh7 11.Rfc1 e5 12.a4 a5 13.Nb5 f5 14.Ne1 e4 15.Rc2 Be6 16.Ra3 exd3
17.Rxd3 Qf6 18.Nxc7 Nc4 19.Qc1 N6e5 20.Nxa8 Nxd3 21.Nxd3 Nxe3 22.Qxe3 Rxa8
23.Bxb7 Rd8 24.Rc6  1-0

[Event "112th US Open"]
[Site "Orlando USA"]
[Date "2011.08.06"]
[Round "8"]
[White "Boas,T"]
[Black "Shabalov,A"]
[Result "0-1"]
[WhiteElo "2199"]
[BlackElo "2577"]

1.d4 d5 2.c4 c6 3.Nf3 Nf6 4.e3 e6 5.Nbd2 Ne4 6.Nxe4 dxe4 7.Nd2 f5 8.f3 Bd6
9.g3 exf3 10.Nxf3 O-O 11.c5 Bc7 12.Bc4 b6 13.Qe2 bxc5 14.dxc5 Qe7 15.Bd2 Kh8
16.O-O e5 17.b4 Nd7 18.Nh4 g6 19.e4 f4 20.Nf3 g5 21.gxf4 gxf4 22.Bc3 Nf6
23.Kh1 Bg4 24.Rg1 a5 25.a3 Qe8 26.Raf1 axb4 27.axb4 Qh5 28.Bb2 h6 29.Qg2 Rae8
30.h3 Qxh3+ 31.Qxh3 Bxh3 32.Re1 Kh7 33.Ra1 Bb8 34.Rgd1 Bg4 35.Kg2 Re7 36.Ra6 Rg7
37.Kf2 Nxe4+ 38.Ke2 Ng5 39.Bd3+ Kh8  0-1

[Event "112th US Open"]
[Site "Orlando USA"]
[Date "2011.08.07"]
[Round "9"]
[White "Shabalov,A"]
[Black "Rodriguez,Er"]
[Result "1-0"]
[WhiteElo "2577"]
[BlackElo "2320"]

1.e4 e5 2.Nf3 Nc6 3.Bb5 a6 4.Ba4 Nge7 5.Bb3 g6 6.d4 exd4 7.Ng5 d5 8.Qf3 f5
9.exd5 Na5 10.d6 Qxd6 11.Nf7 Qf6 12.Bg5 Qg7 13.Nxh8 Nxb3 14.axb3 Qxh8 15.O-O  1-0

[Event "Manhattan Open"]
[Site "New York USA"]
[Date "2011.08.17"]
[Round "1"]
[White "Shabalov,A"]
[Black "Coleman,T"]
[Result "1-0"]
[WhiteElo "2577"]
[BlackElo "2285"]

1.c4 e5 2.Nc3 Bb4 3.g3 Bxc3 4.bxc3 Qe7 5.Bg2 Nf6 6.e4 d6 7.Ne2 Rg8 8.O-O g5
9.c5 dxc5 10.d4 Na6 11.Rb1 c6 12.Qa4 Nd7 13.Qc2 Nb6 14.a4 Be6 15.a5 Nc4 16.d5 Bd7
17.Rxb7 Nd6 18.Rb2 cxd5 19.exd5 c4 20.Be3 h5 21.Re1 Kf8 22.Nc1 h4 23.Na2 hxg3
24.fxg3 Rh8 25.Nb4 Nxb4 26.cxb4 a6 27.Qc3 f6 28.Rf2 Kg8 29.Bc5 Bb5 30.Be4 Rh6
31.Bf5 Kg7 32.Be6 Bd7 33.Rxe5 Kh7 34.Bg8+  1-0

[Event "Manhattan Open"]
[Site "New York USA"]
[Date "2011.08.18"]
[Round "2"]
[White "Nagle,S"]
[Black "Shabalov,A"]
[Result "0-1"]
[WhiteElo "2379"]
[BlackElo "2577"]

1.d4 g6 2.Nf3 Bg7 3.c3 Nf6 4.Bf4 O-O 5.e3 d6 6.h3 b6 7.Nbd2 Bb7 8.a4 a6 9.Be2 Nbd7
10.O-O Qe8 11.Bh2 e5 12.a5 b5 13.c4 exd4 14.exd4 bxc4 15.Nxc4 Qb8 16.Qa4 Qa7
17.Rac1 Rac8 18.Rfd1 Rfe8 19.Ne3 Nf8 20.Qc4 Ne4 21.Rc2 h6 22.Nd5 Qa8 23.Nf4 Ng5
24.d5 c6 25.Qb3 cxd5 26.Rxc8 Qxc8 27.h4 Ne4 28.Nxd5 Ne6 29.Bc4 Qc5 30.Ne3 Bc6
31.Qa3 Bb5 32.Qxc5 dxc5 33.Be5 f6 34.Bc3 Nxc3 35.bxc3 f5 36.Bxb5 axb5 37.Nd5 Ra8
38.Re1 Ra6 39.h5 gxh5 40.Nh4 f4 41.Nf5 Bf8 42.Re5 Kf7 43.Nh4 Ng7 44.Nc7 Rxa5
45.Rd5 b4 46.cxb4 Ra1+ 47.Kh2 cxb4 48.Nf3 Ra7 49.Rd7+ Kg8 50.Ne5 Ne6 51.Nd5 Rxd7
52.Nxd7 b3 53.N7f6+ Kf7 54.Ne4 b2 55.Nd2 Bd6 56.Kg1 Nc5 57.Nc3 Ke6 58.Kf1 Be5
59.Ncb1 Kd5 60.Ke2 Ne4 61.Nxe4 Kxe4 62.f3+ Kd4 63.Kd2 Bc7 64.Na3 Bd6 65.Nb1 Bb4+
66.Ke2 Kc4  0-1

[Event "Manhattan Open"]
[Site "New York USA"]
[Date "2011.08.18"]
[Round "3"]
[White "Shabalov,A"]
[Black "Shahade,G"]
[Result "1/2-1/2"]
[WhiteElo "2577"]
[BlackElo "2446"]

1.d4 Nf6 2.c4 e6 3.Nf3 Bb4+ 4.Nbd2 O-O 5.a3 Be7 6.e4 d5 7.e5 Nfd7 8.b4 a5
9.b5 c5 10.Bb2 cxd4 11.Bxd4 Nc5 12.Be2 Nbd7 13.O-O b6 14.cxd5 exd5 15.Re1 Bb7
16.Bb2 Rc8 17.Bf1 Ne6 18.Nb3 Ndc5 19.Nbd4 Nxd4 20.Nxd4 Ne6 21.Qg4 Bc5 22.Rad1 Qg5
23.Qh3 Nxd4 24.Bxd4 Rc7 25.Bxc5 Rxc5 26.e6 Rc7 27.exf7+ Rcxf7 28.Qe6 Qd8
29.f3 Kh8 30.Bd3 Bc8 31.Qe5 Bf5 32.Bc4 Rd7 33.Rxd5 h6 34.Red1 Rxd5 35.Rxd5 Qc8
36.Bf1 Qc1 37.Qe7 Rf6 38.Kf2 Kh7 39.Qe3 Qb2+ 40.Rd2 Qa1 41.Bc4 Qc1 42.Bg8+ Kh8
43.Bd5 Rf8 44.Bc6 Bg6 45.h4 Qh1 46.Rd4 Kh7 47.Qe7 Rf7 48.Qd8 Qa1 49.h5 Bxh5
50.Be4+ Bg6 51.Bxg6+ Kxg6 52.Qxb6+ Kh7 53.Qc5 Qb2+ 54.Kg3 Qb1 55.Re4 Rf6
56.Kh2 Qb2 57.Kh3 Qb1 58.Rg4 h5 59.Rg5 Qh1+ 60.Kg3 Qe1+ 61.Kh3 Qh1+  1/2-1/2

[Event "Manhattan Open"]
[Site "New York USA"]
[Date "2011.08.19"]
[Round "4"]
[White "Kekelidze,M"]
[Black "Shabalov,A"]
[Result "0-1"]
[WhiteElo "2452"]
[BlackElo "2577"]

1.d4 d5 2.c4 c6 3.Nf3 Nf6 4.Nc3 e6 5.g3 dxc4 6.Bg2 b5 7.Ne5 Nd5 8.e4 Nxc3
9.bxc3 Bb7 10.Qh5 g6 11.Nxg6 fxg6 12.Qe5 Nd7 13.Qxh8 Qe7 14.d5 exd5 15.O-O dxe4
16.Bxe4 O-O-O 17.Bg2 c5 18.Bxb7+ Kxb7 19.Bf4 Qf7 20.Rad1 Rc8 21.Rfe1 Nf6
22.Bg5 Bg7 23.Qxg7 Qxg7 24.Re6 Ng8 25.a4 h6 26.Be3 Nf6 27.a5 Rc6 28.a6+ Rxa6
29.Rxa6 Kxa6 30.Bxc5 Kb7 31.Re1 Nd5 32.Bd4 Qf7  0-1

[Event "Manhattan Open"]
[Site "New York USA"]
[Date "2011.08.20"]
[Round "6"]
[White "Romanenko,Vl"]
[Black "Shabalov,A"]
[Result "1/2-1/2"]
[WhiteElo "2454"]
[BlackElo "2577"]

1.e4 c5 2.Nf3 d6 3.d4 cxd4 4.Nxd4 Nf6 5.Nc3 a6 6.Be2 Nbd7 7.O-O g6 8.Be3 Bg7
9.a4 O-O 10.Qd2 Ne5 11.h3 Bd7 12.f4 Nc6 13.Rad1 Rc8 14.Bf3 Qc7 15.Nb3 Nb4
16.a5 Be6 17.Bb6 Qb8 18.Nd5 Nbxd5 19.exd5 Bf5 20.c3 Be4 21.Qe2 Bxf3 22.Rxf3 Rfe8
23.Re3 Bf8 24.c4 Nd7 25.Nd4 Nxb6 26.axb6 Rcd8 27.h4 Qc8 28.b4 Bg7 29.h5 Qd7
30.hxg6 hxg6 31.f5 Bxd4 32.Rxd4 Qxf5 33.Rde4 Qf6 34.Rxe7 Rxe7 35.Rxe7 Qd4+  1/2-1/2

[Event "Manhattan Open"]
[Site "New York USA"]
[Date "2011.08.20"]
[Round "7"]
[White "Shabalov,A"]
[Black "Lapshun,Y"]
[Result "1-0"]
[WhiteElo "2577"]
[BlackElo "2444"]

1.d4 d5 2.c4 e6 3.Nc3 c5 4.e3 Nf6 5.Nf3 Nc6 6.a3 cxd4 7.exd4 Be7 8.Bd3 dxc4
9.Bxc4 O-O 10.O-O Bd7 11.Ba2 Rc8 12.Be3 Qc7 13.Qe2 Rfd8 14.Rfd1 Be8 15.Rac1 Qa5
16.h3 a6 17.Bf4 b5 18.d5 exd5 19.Nxd5 Nxd5 20.Bxd5 Bf6 21.Bg5 b4 22.Qe4 bxa3
23.Bxf6 gxf6 24.bxa3 Kh8 25.Rd3 Ne7 26.Rxc8 Nxc8 27.Ng5  1-0

[Event "Manhattan Open"]
[Site "New York USA"]
[Date "2011.08.21"]
[Round "8"]
[White "Gustafsson,J"]
[Black "Shabalov,A"]
[Result "1/2-1/2"]
[WhiteElo "2634"]
[BlackElo "2577"]

1.d4 e6 2.Nf3 c5 3.g3 b6 4.Bg2 Bb7 5.O-O Nf6 6.c4 cxd4 7.Qxd4 Be7 8.Nc3 d6
9.Bg5 O-O 10.Rfd1 h6 11.Bxf6 Bxf6 12.Qf4 Qe7 13.Qxd6 Qxd6 14.Rxd6 Na6 15.Rc1 Rfd8
16.Rcd1 Rxd6 17.Rxd6 Rc8 18.Nb5 Rxc4 19.Nxa7 Rc1+ 20.Bf1 Rc2 21.Rxb6 Rxb2
22.Rxb2 Bxb2 23.Nd2 Nc5 24.Nc4 Bf6 25.e3 Kf8 26.Nd6 Bf3 27.Bb5 Ke7 28.Nac8+ Kf8
29.a4 Bc3 30.Nc4 Nb3 31.N4b6 g6 32.Nd7+ Kg7 33.Nd6 g5 34.Ne8+ Kg8 35.h3 h5
36.h4 gxh4 37.gxh4 Nd2 38.Kh2 Bd1 39.Kg2 Kh7 40.Nd6 Kg7 41.Bc6 Bc2 42.Nb7 Nc4
43.Nbc5 Nd6 44.Bf3 Kh6 45.Be2 Bb4 46.Bd3 Bd1 47.Bb1 Nc4 48.Bd3 Nd6 49.Kg3 Be1
50.e4 Kg7 51.e5 Nc8 52.Be4 Ne7 53.Nd3 Bc3 54.N7c5 Kh6 55.f4 Ng6 56.Nf2 Be1
57.Nd3 Bxf2+ 58.Nxf2 Bxa4 59.Nh3 Bd1 60.Ng5 Kg7 61.Bd3  1/2-1/2

[Event "VII Ugra Governor's Cup"]
[Site "Khanty-Mansiysk RUS"]
[Date "2011.09.01"]
[Round "2"]
[White "Pridorozhni,A"]
[Black "Shabalov,Andrei"]
[Result "1-0"]
[WhiteElo "2550"]
[BlackElo "2086"]

1.e4 e6 2.d4 d5 3.Nd2 Nf6 4.e5 Nfd7 5.f4 c5 6.c3 cxd4 7.cxd4 Nc6 8.Ndf3 Bb4+
9.Bd2 Qb6 10.a3 Bxd2+ 11.Qxd2 Na5 12.Rd1 Nb3 13.Qe3 Qa5+ 14.Kf2 Qa4 15.Rd3 Na5
16.Ne2 Nb6 17.Nc3 Qd7 18.Qc1 a6 19.Nd1 Qe7 20.Ne3 Bd7 21.Rc3 Rc8 22.Rxc8+ Bxc8
23.Qc3 Nac4 24.Bxc4 dxc4 25.Nxc4 Nxc4 26.Qxc4 Bd7 27.Qc5 Bc6 28.Rd1 f6 29.exf6 Qxc5
30.f7+ Kxf7 31.dxc5 Bxf3 32.Kxf3 Ke7 33.Rd6 Rc8 34.b4 a5 35.Rb6 Rc7 36.Ke4 axb4
37.axb4 Kf6 38.f5 Rc6 39.Rxc6 bxc6 40.fxe6  1-0

[Event "VII Ugra Governor's Cup"]
[Site "Khanty-Mansiysk RUS"]
[Date "2011.09.02"]
[Round "3"]
[White "Shabalov,Andrei"]
[Black "Skurikhin,Alexander"]
[Result "1-0"]
[WhiteElo "2086"]
[BlackElo "1734"]

1.d4 d5 2.c4 c6 3.Nf3 Nf6 4.Nc3 Bf5 5.Qb3 Qb6 6.c5 Qxb3 7.axb3 Nbd7 8.b4 g6
9.Bf4 Bg7 10.e3 O-O 11.b5 Nh5 12.Bc7 Rac8 13.bxc6 bxc6 14.Rxa7 Ra8 15.Ra5 Rxa5
16.Bxa5 e5 17.Be2 exd4 18.Nxd4 Bxd4 19.exd4 Nf4 20.Bf1 Bd3 21.g3 Bxf1 22.Kxf1 Nd3
23.Nd1 Rb8 24.Bc3 f5 25.Ke2 Nb4 26.Kd2 Rb5 27.Ne3 Nf6 28.f3 Na2 29.Ra1 Nxc3
30.Kxc3 Rb8 31.Ra7 Ne8 32.b4 Rc8 33.b5 Nc7 34.Rxc7 Rxc7 35.Nxd5 cxd5 36.b6 Rb7
37.Kb4 Kf8 38.Kb5 Ke8 39.c6 Rb8 40.c7 Rxb6+ 41.Kxb6 Kd7 42.Kb7  1-0

[Event "VII Ugra Governor's Cup"]
[Site "Khanty-Mansiysk RUS"]
[Date "2011.09.04"]
[Round "5"]
[White "Shabalov,Andrei"]
[Black "Musin,Az"]
[Result "1/2-1/2"]
[WhiteElo "2086"]
[BlackElo "1851"]

1.d4 d5 2.c4 e6 3.Nf3 Be7 4.Nc3 Nf6 5.Bg5 h6 6.Bh4 Ne4 7.Bxe7 Qxe7 8.cxd5 Nxc3
9.bxc3 exd5 10.Qb3 c6 11.e3 O-O 12.c4 Be6 13.Rb1 b6 14.Ne5 Qd6 15.c5 bxc5
16.Qb7 Nd7 17.Qxc6 Qxc6 18.Nxc6 cxd4 19.exd4 Rfe8 20.Kd2 Nb6 21.Ba6 Nc4+
22.Kc3 Nd6 23.f3 Bc8 24.Bd3 Bf5 25.Rhe1 Rec8 26.Bxf5 Nxf5 27.Re5 Rxc6+ 28.Kd3 Nh4
29.Rb2 Rd8 30.Re7 a6 31.Rbb7 Rf6 32.Re2 Rg6 33.Rbb2 Kf8 34.f4 Re8 35.Rxe8+ Kxe8
36.g3 Nf5 37.Rb8+ Kd7 38.Rb7+ Kc6 39.Rxf7 Rf6 40.Ra7 Kb6 41.Rd7 Rd6 42.Rf7 g6
43.g4 Nh4 44.Rh7 Ng2 45.Rxh6 Nxf4+ 46.Ke3 Rf6 47.h4 Ng2+ 48.Ke2 Kb5 49.h5 Nh4
50.Rh8 Kc4 51.Rc8+ Kxd4 52.h6 Rf7 53.g5 Ke4 54.Rc1 Nf5 55.Rg1 Nd4+ 56.Kd1 Ke3
57.Re1+ Kd3 58.Rh1 Rh7 59.Rh3+ Ke4 60.Ra3 Nf3 61.Rxa6 Ne5 62.Rd6 d4 63.a4 d3
64.a5 Rf7 65.Re6 Kf5 66.Rf6+ Rxf6 67.gxf6 Kxf6 68.a6 Nd7 69.Kd2 g5 70.Kxd3 Kg6
71.a7 Nb6 72.Kd4 Kxh6 73.Kc5 Na8 74.Kc6 g4 75.Kb7 g3 76.Kxa8 g2 77.Kb7  1/2-1/2

[Event "VII Ugra Governor's Cup"]
[Site "Khanty-Mansiysk RUS"]
[Date "2011.09.05"]
[Round "6"]
[White "Erbaktanov,Togar"]
[Black "Shabalov,Andrei"]
[Result "1-0"]
[WhiteElo "1883"]
[BlackElo "2086"]

1.e4 e6 2.d4 d5 3.e5 c5 4.c3 Nc6 5.Nf3 Qb6 6.Bd3 Bd7 7.O-O cxd4 8.cxd4 Nxd4
9.Nxd4 Qxd4 10.Nc3 Qb6 11.Kh1 Ne7 12.f4 Nc6 13.Bd2 Be7 14.Qg4 g6 15.Rac1 a6
16.b3 Qd4 17.Qe2 Nb4 18.Bb1 Qb6 19.Rfd1 O-O 20.Be3 Qa5 21.f5 exf5 22.Bh6 Rfe8
23.e6 Bxe6 24.Qe5 Bf8 25.Bxf8 Rxf8 26.Ne2 Nc6 27.Qg3 Rad8 28.Nf4 d4 29.Qg5 Rd7
30.Nh5 Qd8 31.Nf6+ Kg7 32.Nh5+ Kh8 33.Nf6 Ne5 34.Qh6  1-0

[Event "VII Ugra Governor's Cup"]
[Site "Khanty-Mansiysk RUS"]
[Date "2011.09.06"]
[Round "7"]
[White "Shabalov,Andrei"]
[Black "Pavlova,N"]
[Result "1-0"]
[WhiteElo "2086"]
[BlackElo "1569"]

1.d4 b5 2.e4 Bb7 3.Bd3 Nf6 4.Qe2 a6 5.Nf3 g6 6.a4 b4 7.O-O Bg7 8.e5 Nd5 9.c4 bxc3
10.bxc3 c5 11.Be4 Qc7 12.c4 Nb4 13.d5 Bxe5 14.Nxe5 Qxe5 15.Bb2 Qd6 16.Bxh8 f6
17.Bg7  1-0

[Event "VII Ugra Governor's Cup"]
[Site "Khanty-Mansiysk RUS"]
[Date "2011.09.08"]
[Round "9"]
[White "Shabalov,Andrei"]
[Black "Kalmachevskikh,V"]
[Result "0-1"]
[WhiteElo "2086"]
[BlackElo "2293"]

1.d4 c5 2.d5 g6 3.Nf3 d6 4.c4 Bg7 5.Nc3 Bxc3+ 6.bxc3 f5 7.h4 Nf6 8.Bh6 Nbd7
9.e3 Qa5 10.Qc2 Ng4 11.Bf4 Ndf6 12.Bd3 Bd7 13.Ng5 h6 14.Nf3 b5 15.O-O bxc4
16.Bxc4 O-O 17.Nd2 Kg7 18.Rab1 Rab8 19.Rb2 Rb6 20.Bb3 Bb5 21.c4 Bd7 22.Rfb1 Rfb8
23.e4 fxe4 24.Nxe4 Bf5 25.f3 Ne5 26.Bd2 Qa6 27.Bc3 Qc8 28.Qe2 Bxe4 29.fxe4 Qg4
30.Bxe5 dxe5 31.Qxg4 Nxg4 32.Rd2 Rf8 33.Rf1 Rxf1+ 34.Kxf1 Rf6+ 35.Kg1 Rf4
36.g3 Rxe4 37.d6 exd6 38.Rxd6 Re1+ 39.Kg2 e4 40.Rc6 Re2+ 41.Kf1 Rf2+ 42.Ke1 Rg2
43.Re6 Rxg3 44.Bd1 h5 45.Be2 e3 46.Kd1 Nf2+ 47.Kc2 Nh3 48.Bd3 Nf4 49.Re7+ Kf6
50.Re4 Ne6 51.Be2 Rg2 52.Kd3 Kf5 53.Bf3 Rg3 54.Kxe3 Nd4 55.Rf4+ Ke5 56.Re4+ Kd6
57.Rf4 Rxf3+ 58.Rxf3 Nxf3 59.Kxf3 Ke5 60.a3 Kd4 61.Kf4 Kxc4 62.Kg5  0-1

[Event "Indonesia Open"]
[Site "Jakarta INA"]
[Date "2011.10.13"]
[Round "1.19"]
[White "Aray,A"]
[Black "Shabalov,A"]
[Result "0-1"]
[WhiteElo "2256"]
[BlackElo "2529"]

1.Nf3 d5 2.d4 Nf6 3.c4 c6 4.Nc3 a6 5.Qb3 dxc4 6.Qxc4 b5 7.Qd3 Bb7 8.g3 c5
9.Be3 e5 10.d5 b4 11.Ne4 Nxd5 12.Nxc5 Bxc5 13.Bxc5 Nd7 14.Be3 Qe7 15.Qb3 a5
16.Bh3 a4 17.Qc4 O-O 18.Bg5 f6 19.Bd2 e4 20.Nh4 Ne5 21.Qxe4 Nf4 22.Qe3 Nxh3
23.Rf1 Rfe8 24.Nf5 Qd7  0-1

[Event "Indonesia Open"]
[Site "Jakarta INA"]
[Date "2011.10.14"]
[Round "2.14"]
[White "Shabalov,A"]
[Black "Aris,T"]
[Result "1/2-1/2"]
[WhiteElo "2529"]
[BlackElo "2222"]

1.c4 c5 2.Nf3 d6 3.d4 cxd4 4.Nxd4 Nc6 5.Nc3 Nf6 6.e4 g6 7.Be2 Bg7 8.Be3 O-O
9.O-O Bd7 10.Qd2 Nxd4 11.Bxd4 Bc6 12.Bd3 Re8 13.Rfe1 Nd7 14.Bxg7 Kxg7 15.Re3 Qa5
16.Rh3 h5 17.a3 Nf6 18.Re1 Rh8 19.Bf1 h4 20.b4 Qe5 21.f4 Qe6 22.b5 Bd7 23.c5 dxc5
24.e5 Nh7 25.Ne4 c4 26.Bxc4 Qb6+ 27.Rhe3 Bf5 28.Nf2 Rac8 29.Bf1 Rhd8 30.Qb4 Rc7
31.g3 Rd4 32.Qb3 Nf8 33.Bd3 Be6 34.Qb1 Rc3 35.f5 gxf5 36.Bxf5 Rd2 37.Ng4 hxg3
38.hxg3 Qd4 39.Qe4 Qxe4 40.Bxe4 Rc5 41.Nh2 Rxb5 42.Nf3 Ra2 43.Nd4 Rxe5 44.Bxb7 Ra5
45.Nc6 R5xa3 46.Nxe7 Rxe3 47.Rxe3 a5 48.Bd5 Bxd5 49.Nxd5 Ne6 50.Re4 Rd2 51.Nb6 Rb2
52.Nd5 Rb5 53.Nc3 Rb3 54.Rc4 Nd4 55.Kg2 Nb5 56.Nd5 Nd6 57.Ra4 Rb5 58.Ne3 Kf6
59.Kf3 Ke5 60.Ke2 Nb7 61.g4 Nc5 62.Rxa5 Rxa5 63.Nc4+ Kf4 64.Nxa5 Kxg4 65.Nc4 Kg3
66.Nd6 f6 67.Ne8  1/2-1/2

[Event "Indonesia Open"]
[Site "Jakarta INA"]
[Date "2011.10.16"]
[Round "4.5"]
[White "Shabalov,A"]
[Black "Paragua,M"]
[Result "1/2-1/2"]
[WhiteElo "2529"]
[BlackElo "2533"]

1.e4 c5 2.Nf3 d6 3.d4 cxd4 4.Nxd4 Nf6 5.Nc3 a6 6.Bg5 e6 7.f4 Nc6 8.e5 h6
9.Bh4 g5 10.fxg5 Nd5 11.Nxd5 exd5 12.exd6 Bxd6 13.Qe2+ Kd7 14.O-O-O hxg5
15.Bg3 Qf6 16.Nb3 Kc7 17.Bxd6+ Qxd6 18.g3 Be6 19.Bg2 Rad8 20.Kb1 Kb8 21.Ka1 g4
22.Nd4 Nxd4 23.Rxd4 Rh5 24.c4 Rdh8 25.Bxd5 Bxd5 26.cxd5 Rxd5 27.Rxd5 Qxd5
28.Rf1 f5 29.a3 Ka8 30.Qf2  1/2-1/2

[Event "Indonesia Open"]
[Site "Jakarta INA"]
[Date "2011.10.17"]
[Round "6.12"]
[White "Shabalov,A"]
[Black "Purnama,T"]
[Result "1-0"]
[WhiteElo "2529"]
[BlackElo "2368"]

1.c4 Nf6 2.Nc3 g6 3.g3 d5 4.cxd5 Nxd5 5.Bg2 Nb6 6.h4 h5 7.Nf3 Bg7 8.O-O Nc6
9.d3 Nd4 10.Nxd4 Bxd4 11.a4 a5 12.Nb5 Bf6 13.Bf4 e5 14.Be3 c6 15.Bxb6 Qxb6
16.Nd6+ Ke7 17.Nc4 Qc5 18.Rc1 Be6 19.Nd2 Qb4 20.Qc2 Rhd8 21.Ne4 Ra6 22.f4 Rb6
23.e3 Bg7 24.fxe5 Bxe5 25.d4 Bg7 26.Ng5 Rd6 27.d5 Bf5 28.Rxf5 gxf5 29.Qxf5 Bf6
30.Ne4 Qxb2 31.Nxd6 Qxc1+ 32.Kh2 Rb4 33.Nc8+ Kd8 34.Qxf6+ Kxc8 35.d6 Qd2
36.Qe7 Kb8 37.d7  1-0

[Event "Indonesia Open"]
[Site "Jakarta INA"]
[Date "2011.10.17"]
[Round "7.10"]
[White "Bitoon,R"]
[Black "Shabalov,A"]
[Result "1-0"]
[WhiteElo "2504"]
[BlackElo "2529"]

1.d4 Nf6 2.Nf3 g6 3.Bf4 Bg7 4.Nbd2 O-O 5.e3 c5 6.c3 b6 7.a4 Nc6 8.Be2 Bb7
9.h3 d6 10.O-O Qe8 11.Bh2 Rd8 12.Nc4 e5 13.Qb3 e4 14.Nxd6 Na5 15.Qd1 Qe7
16.Nxb7 exf3 17.Nxd8 fxe2 18.Qxe2 Rxd8 19.dxc5 Qxc5 20.Rad1 Re8 21.Qa6 Nc4
22.b4 Qc6 23.Qxa7 Nd5 24.b5 Qe6 25.Rd3 Qe4 26.Qd7 Nxc3 27.f3 Qa8 28.Qc6 Qc8
29.Kh1 Nxa4 30.Rc1 Nab2 31.Rd7 Bf8 32.Qd5 Re7 33.Rd8 Qe6 34.Qa8 Nd3 35.Rxf8+ Kg7
36.Rg8+ Kf6 37.Qa1+ Kf5 38.e4+ Kg5 39.h4+ Kh5 40.Rxc4 Qxc4 41.Qf6 Nf2+ 42.Kg1 Qc5
43.Bd6 Qe3 44.Kh2 Rxe4 45.Bg3 Ng4+ 46.fxg4+ Rxg4 47.Qf2 Qxf2 48.Bxf2 Rb4
49.Rg7 h6 50.Rxf7 Rxb5 51.Kh3 Rb3+ 52.Rf3 Rxf3+ 53.gxf3 b5 54.Be1 g5 55.hxg5 hxg5
56.Bd2  1-0

[Event "6th Philadelphia Open"]
[Site "Philadelphia USA"]
[Date "2012.04.07"]
[Round "7.8"]
[White "Kekelidze,M"]
[Black "Shabalov,A"]
[Result "1/2-1/2"]
[WhiteElo "2473"]
[BlackElo "2523"]

1.d4 d5 2.c4 c6 3.Nf3 Nf6 4.Nc3 e6 5.cxd5 exd5 6.Bg5 Be7 7.Qc2 Nbd7 8.e3 Nf8
9.Bd3 Ne6 10.Bxf6 Bxf6 11.O-O-O Qc7 12.Kb1 Bd7 13.Rc1 Qa5 14.Ka1 g6 15.h4 h5
16.Qd2 Bg7 17.Ng5 f5 18.Nxe6 Bxe6 19.Ne4 Qxd2 20.Nxd2 Ke7 21.f4 Rhc8 22.Nf3 Kf6
23.Rc2 Bf8 24.Rhc1 Rc7 25.Kb1 Bd6 26.Bf1 Rac8 27.g3 Bf7 28.Ne5 Be8 29.Bg2 Ke6
30.a3 a5 31.Rc3 c5 32.Nf3 Be7 33.dxc5 Rxc5 34.Nd4+ Kd6 35.Rxc5 Rxc5 36.Rxc5 Kxc5
37.Kc2 a4  1/2-1/2

[Event "6th Philadelphia Open"]
[Site "Philadelphia USA"]
[Date "2012.04.08"]
[Round "9.5"]
[White "Stripunsky,A"]
[Black "Shabalov,A"]
[Result "1-0"]
[WhiteElo "2566"]
[BlackElo "2523"]

1.e4 Nf6 2.e5 Nd5 3.d4 d6 4.c4 Nb6 5.exd6 cxd6 6.Nc3 g6 7.Be3 Bg7 8.Rc1 O-O
9.b3 f5 10.Nf3 f4 11.Bd2 Nc6 12.d5 Nd4 13.Nxd4 Bxd4 14.Be2 e6 15.dxe6 Bxe6
16.O-O Qh4 17.Bf3 g5 18.Nb5 Be5 19.Nc7 g4 20.Nxe6 gxf3 21.Qxf3 Rf7 22.c5 Nd7
23.cxd6 Bxd6 24.Bc3 Be5 25.Rfe1 Bxc3 26.Rxc3 Re8 27.Rc4 Qf6 28.Rce4 Rfe7
29.Qg4+ Kh8 30.h4 f3 31.Ng5 fxg2 32.Rxe7 Rxe7 33.Rxe7 Qxe7 34.Qd4+ Nf6 35.Qxa7 h6
36.Qb8+ Kg7 37.Nf3 Qe4 38.Kxg2 b5 39.Qe5 Qc6 40.Kg3 Kg6 41.Nd4 Qh1 42.Qf5+ Kg7
43.Ne6+ Kf7 44.Nd8+ Kg7 45.Ne6+ Kf7 46.Nf4 Qg1+ 47.Kf3 Qh1+ 48.Ke2 Qxh4 49.a4 bxa4
50.bxa4 Qg4+ 51.Qxg4 Nxg4 52.a5 Ne5 53.a6 Nc6 54.Ke3 Ke7 55.Ke4 Kd6 56.Nd5 h5
57.f4 h4 58.Nb4 Na7 59.Kf3 Kc5 60.f5 Kd6 61.f6 Ke6 62.Nd5  1-0

[Event "Washington International 2012"]
[Site "Rockville USA"]
[Date "2012.07.28"]
[Round "1"]
[White "Shabalov,A"]
[Black "Black,James A"]
[Result "1-0"]
[WhiteElo "2534"]
[BlackElo "2232"]

1.d4 d5 2.c4 c6 3.Nc3 Nf6 4.Nf3 e6 5.Bg5 h6 6.Bh4 dxc4 7.e4 g5 8.Bg3 b5 9.Be2 Bb7
10.Qc2 Nbd7 11.Rd1 Qb6 12.O-O Rg8 13.Ne5 Nxe5 14.Bxe5 Nd7 15.Bg3 Bg7 16.d5 O-O-O
17.a4 a6 18.dxc6 Bxc6 19.axb5 axb5 20.b3 cxb3 21.Qxb3 Nc5 22.Qb4 Bxc3 23.Qxc3 Nxe4
24.Rxd8+ Rxd8 25.Qg7 Nxg3 26.hxg3 Rd7 27.Qxh6 Qc5 28.Qh8+ Kc7 29.Bf3 Bxf3
30.gxf3 b4 31.Qa1 Kb7 32.Rc1 Qb6 33.Qb2 Qd4 34.Qc2 Qd6 35.Qa4 Kb8 36.Ra1 Rb7
37.Qe8+ Kc7 38.Qxf7+ Kb6 39.Qf6 b3 40.Qc3 Qd5 41.Ra3 b2 42.Qxb2+ Kc7 43.Qg7+ Kb6
44.Qc3  1-0

[Event "Washington International 2012"]
[Site "Rockville USA"]
[Date "2012.07.28"]
[Round "2"]
[White "Schuyler,J"]
[Black "Shabalov,A"]
[Result "0-1"]
[WhiteElo "2345"]
[BlackElo "2534"]

1.d4 Nf6 2.Bf4 g6 3.e3 Bg7 4.Be2 d6 5.Nf3 O-O 6.O-O b6 7.h3 Bb7 8.c4 c5 9.Nc3 cxd4
10.exd4 Nbd7 11.d5 Rc8 12.Re1 a6 13.a4 Nc5 14.Nd4 e5 15.dxe6 fxe6 16.Be3 d5
17.cxd5 Nxd5 18.Nxd5 Bxd5 19.b4 Ne4 20.Bxa6 Nxf2 21.Qe2 Qh4  0-1

[Event "Washington International 2012"]
[Site "Rockville USA"]
[Date "2012.07.29"]
[Round "3.2"]
[White "Shabalov,A"]
[Black "Herman,Ma"]
[Result "1/2-1/2"]
[WhiteElo "2534"]
[BlackElo "2394"]

1.e4 c5 2.Nf3 d6 3.d4 cxd4 4.Nxd4 Nf6 5.Nc3 a6 6.Be3 e5 7.Nb3 Be6 8.h3 Nbd7
9.g4 Rc8 10.Qd2 b5 11.O-O-O Qc7 12.Kb1 Be7 13.Rh2 O-O 14.f4 exf4 15.Bxf4 Ne5
16.Qe3 Rfe8 17.Nd4 Bf8 18.Nxe6 fxe6 19.Rhd2 Nfd7 20.g5 Qc6 21.Bd3  1/2-1/2

[Event "Washington International 2012"]
[Site "Rockville USA"]
[Date "2012.07.31"]
[Round "7.4"]
[White "Shabalov,A"]
[Black "Ostrovskiy,Al"]
[Result "1-0"]
[WhiteElo "2534"]
[BlackElo "2351"]

1.e4 e6 2.d4 d5 3.e5 c5 4.c3 Nc6 5.Nf3 Bd7 6.Be2 f6 7.exf6 Nxf6 8.O-O Bd6
9.dxc5 Bxc5 10.b4 Bd6 11.Nbd2 O-O 12.b5 Ne7 13.c4 Ng6 14.g3 Qb6 15.a4 a5
16.Bb2 Rad8 17.Rc1 Qa7 18.Bd3 dxc4 19.Nxc4 Bc5 20.Qe2 Ng4 21.Be4 Bc8 22.Kg2 b6
23.Ng5 Nf6 24.Bc6 Qe7 25.Kh1 h6 26.Nf3 Nd5 27.Nfe5 Nxe5 28.Nxe5 Rf5 29.Rcd1 Nb4
30.Rxd8+ Qxd8 31.Be4 Rf8 32.h4 Qc7 33.Kh2 Bb7 34.Bb1 Qd8 35.Nc6 Qd7 36.Qe4 Rf5
37.Qg4 Rf7 38.Bg6 Rf8 39.Be4 Bxf2 40.Qg6 Bxg3+ 41.Kxg3  1-0